| 000 | 00601nam a22002057a 4500 | ||
|---|---|---|---|
| 999 |
_c8091 _d8091 |
||
| 001 | 21607 | ||
| 003 | BD-DhUAP | ||
| 005 | 20220619111017.0 | ||
| 008 | 220619b19982013 ||||| |||| 001 0 eng d | ||
| 020 | _a9781138227002 | ||
| 040 |
_aBD-DhUAP _cBD-DhUAP _dBD-DhUAP _beng _eBD-DhUAP |
||
| 082 | 0 | 0 |
_a821.308 MAL _221 |
| 245 | 0 | 0 |
_aRenaissance poetry / _cCristina Malcolmson |
| 260 |
_aMalden, MA : _bBlackwell Publishers, _c2002. |
||
| 300 |
_a293 p. ; _c23 x 13 cm. |
||
| 500 | _aIncludes index. | ||
| 650 | 0 |
_aEnglish poetry _yEarly modern, 1500-1700. |
|
| 700 | 1 | _aMalcolmson ,Cristina | |
| 942 |
_2ddc _cBK |
||